000 00387nam a2200145Ia 4500
005 20251222175926.0
008 251222s9999||||xx |||||||||||||| ||spa||
020 _a0
082 _a658/Z38
100 _aPalomino Kunucaz, Antonio
245 0 _aGerencia de Empresas y Administración de la Calidad
250 _a1ra.ed.
264 _bUniversidad de San Martín de Porras
942 _cLIB
999 _c40861
_d40861